Music Quiz

Random Music or Lyrics Quiz

Sorrow by David Bowie Quiz Stats

 Plays Quiz not verified by Sporcle

Support Sporcle.
Go Orange.
Score 0/119 Timer 05:00
0 Plays Today
Words % Correct
I
98.4%
I
98.4%
I
98.4%
I
98.4%
I
98.4%
I
98.4%
I
98.4%
I
98.4%
sorrow
97.9%
sorrow
97.9%
sorrow
97.9%
sorrow
97.9%
sorrow
97.9%
sorrow
97.9%
sorrow
97.9%
sorrow
97.9%
sorrow
97.9%
sorrow
97.9%
the
97.1%
the
97.1%
the
97.1%
you
96.6%
You
96.6%
you
96.6%
you
96.6%
you
96.6%
you
96.6%
and
94.2%
and
94.2%
your
93.4%
your
93.4%
your
93.4%
your
93.4%
your
93.4%
your
93.4%
your
93.4%
only
92.6%
only
92.6%
was
92.1%
was
92.1%
Words % Correct
thing
91.6%
thing
91.6%
from
90.8%
from
90.8%
ever
90.5%
ever
90.5%
got
90%
got
90%
With
89.7%
of
89.4%
of
89.4%
with
89.4%
of
89.4%
with
89.4%
with
89.4%
eyes
88.9%
eyes
88.9%
blue
88.4%
blue
88.4%
hair
88.1%
hair
88.1%
hair
88.1%
hair
88.1%
long
87.9%
long
87.9%
long
87.9%
long
87.9%
blonde
86.5%
blonde
86.5%
blonde
86.5%
blonde
86.5%
to
83.6%
to
83.6%
to
83.6%
me
76.3%
you're
74.7%
you're
74.7%
never
74.1%
never
74.1%
my
72.6%
Words % Correct
daughter
71.8%
devil's
71%
what
69.9%
do
68.9%
know
66.2%
money
62.8%
oughta
62.8%
tells
61.7%
something
60.7%
her
60.2%
her
60.2%
her
60.2%
her
60.2%
spend
59.6%
night
59.4%
funny
58.8%
acted
57.8%
tried
57.8%
tried
57.8%
sleep
57%
out
56.7%
games
55.9%
couldn't
55.9%
high
55.7%
there
55.4%
class
55.1%
trying
54.9%
knew
53.6%
how
53.6%
playing
52.2%
just
51.7%
last
51.7%
much
50.7%
missed
49.9%
find
45.4%
find
45.4%
can't
43%
cause
34%
resist
34%

You're not logged in!

Compare scores with friends on all Sporcle quizzes.
OR
Log In
Remove Ads.
Support Sporcle.
Get the best of Sporcle when you Go Orange. This ad-free experience offers more features, more stats, and more fun while also helping to support Sporcle. Thank you for becoming a member.

Show Comments

Extras

Top Quizzes Today


Score Distribution

Your Account Isn't Verified!

In order to create a playlist on Sporcle, you need to verify the email address you used during registration. Go to your Sporcle Settings to finish the process.

Report this User

Report this user for behavior that violates our Community Guidelines.

Details: